000 00579nam a2200217Ia 4500
005 20250923145954.0
008 008 250917s9999 xx 000 0 eng d
037 _aTextual
040 _aDSWL
_beng
_cDSWL
041 _aeng
_2eng
084 _qDSWL
100 _aBaquer, Ali
_9840875
245 0 _aDisability : Challenges Vs Responses
_c by Ali Baquer
260 _aNew Delhi
_b Concerned Action Now (Can.)
_c1997
300 _axiii,418 p.
365 _bGift
700 _a Anjali Sharma
_9840876
925 _gGift
942 _cTEXL
999 _c1457993
_d1457993